| 000 | 00348nam a22001337a 4500 | ||
|---|---|---|---|
| 005 | 20250911103221.0 | ||
| 008 | 250911b |||||||| |||| 00| 0 eng d | ||
| 050 |
_aDT500 _b.42 SAR |
||
| 100 | _aSARPONG PETER | ||
| 245 | _aTHE SACRED STOOLS OF THE AKAN | ||
| 260 |
_aACCRA _bGHANA PUBLISHING CORPORATION _cc1971 |
||
| 300 | _a83p | ||
| 942 |
_2lcc _cBK _n0 |
||
| 999 |
_c7523 _d7523 |
||